Siṃhala kāvya saṅgrahaya : (Record no. 82553)
[ view plain ]
| 000 -LEADER | |
|---|---|
| fixed length control field | 00686cam a2200205 a 4500 |
| 001 - CONTROL NUMBER | |
| control field | sa 68008755 |
| 003 - CONTROL NUMBER IDENTIFIER | |
| control field | DLC |
| 005 - DATE AND TIME OF LATEST TRANSACTION | |
| control field | 20260227112536.0 |
| 008 - FIXED-LENGTH DATA ELEMENTS--GENERAL INFORMATION | |
| fixed length control field | 970827s1964 ce 000 0 sin |
| 010 ## - LIBRARY OF CONGRESS CONTROL NUMBER | |
| LC control number | sa 68008755 |
| 040 ## - CATALOGING SOURCE | |
| Original cataloging agency | DLC |
| Transcribing agency | DLC |
| Modifying agency | DLC |
| 050 00 - LIBRARY OF CONGRESS CALL NUMBER | |
| Classification number | PK2856 |
| Item number | .S4 |
| 245 00 - TITLE STATEMENT | |
| Title | Siṃhala kāvya saṅgrahaya : |
| Remainder of title | Matara yugaya / |
| Statement of responsibility, etc. | Ni. Ba. Mā. Seneviratna. |
| 260 ## - PUBLICATION, DISTRIBUTION, ETC. | |
| Place of publication, distribution, etc. | [Koḷamba] : |
| Name of publisher, distributor, etc. | Laṅkā Jātika Kautukāgāra Prakāśaka, |
| Date of publication, distribution, etc. | [1964] |
| 300 ## - PHYSICAL DESCRIPTION | |
| Extent | xxiv, 300 p. ; |
| Dimensions | 25 cm. |
| 546 ## - LANGUAGE NOTE | |
| Language note | In Sinhalese. |
| 520 ## - SUMMARY, ETC. | |
| Summary, etc. | Collection of poems written during the Matara period, ca. 1720 A.D. to ca. 1830 A.D. |
| 650 #0 - SUBJECT ADDED ENTRY--TOPICAL TERM | |
| Topical term or geographic name entry element | Sinhalese poetry. |
| 700 1# - ADDED ENTRY--PERSONAL NAME | |
| Personal name | Senaviratna, Ni. Ba. Mā. |
No items available.